000 01334nam a2200301 4500
003 NUST
005 20260424121803.0
008 260424b |||||||| |||| 00| 0 eng d
040 _aNUST
_beng
_cNUST
_dNUST
_erda
050 _aTD195.C58 CHA
100 _aChange, Joanna Belladona.
_eauthor.
245 _aThe effect of coal mining activities on aquatic bodies, plants and the freshwater snail, Helisoma duryi in Hwange, Zimbabwe /
_cby Joanna Belladona Change.
260 _aBulawayo, Zimbabwe :
_bNational University of Science and Technology ,
_c©2022.
300 _axvi, 87 pages :
_c30 cm.
_billustrations ;
336 _2rdacontent
_atext
_btxt
337 _2rdamedia
_aunmediated
_bn
338 _2rdacarrier
_avolume
_bnc
500 _aA thesis for the degree of Master of Philosophy in Applied Biochemistry.
501 _00(MPhil in Applied Biochemistry) National University of Science and Technology,2022.
504 _aIncludes bibliographical references.
650 _aCoal mining
_xEnvironmental aspects
_zHwange, Zimbabwe .
650 _aAquatic ecology
_zZimbabwe.
650 _aFreshwater snails
_x Helisoma duryi.
650 _aEnvironmental impact assessment.
700 _aDr N Basopo.
_esupervisor.
700 _aProf A. H. Siwela.
_esupervisor.
942 _2lcc
_n0
_c3HOUR
_hTD195.C58
_kTD
_mCHA
999 _c172782
_d172782